000 nam a22 a 4500
999 _c400615
_d400615
003 BLK
005 20210312083913.0
008 210310b bu |||||r|||| 00| | bu d
020 _a978-619-233-144-3
040 _aBLK
041 _aBUL
_cBUL
080 _aМузикални изпълнители (инструменталисти, певци), интерпретатори, диригенти
_b78.071.2
_x(497.2)(092)
_z78.071.2(497.2)(092)
139 _aМайсторските класове и школата Кабаиванска
_bМ 16
245 _aМайсторските класове и школата Кабаиванска
_b20 години Международен майсторски клас на Райна Кабаиванска в Нов български университет
_cсъстав. Георги Текев;фотогр.Александър Богдан Томпсън
246 _aMaster classes and Kabaivanska school
_b20 years International Master class of Raina Kabaivanska at New Bulgarian University
260 _9209549
_aСофия
_bНов бълг. унив.
_c2020
_dНБУ
_n978-954-535- ; 954-9926-
300 _a167 с.
_bс цв.ил., портр.
_c31 см
380 _a7
500 _aДруги фотогр.: Виктор Викторов, Иво Попов, Крум Стоев, Иван-Александър Кютев, Джулия Дзукери, Даниеле Полтрониери
650 7 _9165048
_aОперни и оперетни артисти, български
653 7 _9192854
_aоперни певци
653 7 _9182576
_aБългария
653 7 _9195221
_aРайна Кабаиванска
700 _91478
_aТекев, Георги Събинов
_eсъстав.
700 _91631
_aТомпсън, Александър Богдан
_eфотогр.
852 _aЦб ІІ 29790
_bЦб
942 _cKNG
_n0
_s1
944 _aCR
_c2021-03-10
_kХристина Везирева
999 _d400615